000 00729nam a2200289Ia 4500
005 20260324131300.0
008 008 260324s9999 xx 000 0 eng d
020 _a9781315258232
037 _aEBOOK
040 _aCRL
040 _beng
040 _cCRL
041 _2eng
041 _aeng
084 _qCRL
100 _aMario Kossmann
_91164035
245 0 _aDelivering Excellent Service Quality in Aviation
245 2 _bA Practical Guide for Internal and External Service Providers
260 _bTaylor and Francis
260 _c2006
365 _a
365 _b255
856 _uhttp://www.taylorfrancis.com/books/9781315258232
942 _cEBOOK
999 _c1781926
_d1781926